00879cam a2200265 a 45000010008000000030004000080050017000120080041000290100017000700200021000870200015001080400018001230430012001410500024001530820017001772450083001942600063002773000027003404400051003674400034004185040053004526000033005056500053005387000022005912542748OSt20170105101213.0940810s1995 enka b 001 0 eng  a 94032261  a1858980100 (set) a1858980100 aDLCcDLCdDLC ae-uk---00aHB103.C57bL44 199500a330/.09222004aThe legacy of Ronald Coase in economic analysis /cedited by Steven G. Medema. aAldershot, England ;aBrookfield, Vt. :bE. Elgar,cc1995. a2 v. :bill. ;c26 cm. 0aIntellectual legacies in modern economics ;v1 3aAn Elgar reference collection aIncludes bibliographical references and indexes.10aCoase, R. H.q(Ronald Harry) 0aEconomicszGreat BritainxHistoryy20th century.1 aMedema, Steven G.